00405 2200169 4500245004700000020001800047250001200065100001900077700002000096650002000116005001900136260002600155041001400181084000800195300002300203336000900226 aGerbang Dialog DanurcRisa SaraswatihText a602-220-150-0 aCet. 10 aRisa Saraswati aSyafial Rustama aNovel Indonesia a20230331105847 aJakartabBukunec2016 aIndonesia a813 a224 hlm. :c20 cm. atext